000 00281nam a22001337a 4500
008 170208b xxu||||| |||| 00| 0 eng d
020 _a9781578398478
041 _aeng
080 _22ND
_a61
100 _a4
101 _aSHM
245 _aQUICK-E
_cSANTULLI, E.R
942 _2udc
_cBK
999 _c4985
_d4985